100 tình huồng đàm thoại tiếng Anh khi bạn ở nước ngoài

Сохранить в:
Библиографические подробности
Формат:
Язык:Undetermined
Опубликовано: Thành phố Hồ Chí Minh Tổng hợp Thành phố Hồ Chí Minh 2005
Предметы:
Метки: Добавить метку
Нет меток, Требуется 1-ая метка записи!
Thư viện lưu trữ: Trung tâm Học liệu Trường Đại học Cần Thơ
LEADER 00613nam a2200181Ia 4500
001 CTU_94541
008 210402s9999 xx 000 0 und d
020 |c 78000 
082 |a 428 
082 |b M458 
245 0 |a 100 tình huồng đàm thoại tiếng Anh khi bạn ở nước ngoài 
245 0 |c Lê Huy Lâm, Phạm Văn Thuận biên dịch 
260 |a Thành phố Hồ Chí Minh 
260 |b Tổng hợp Thành phố Hồ Chí Minh 
260 |c 2005 
650 |a English language 
904 |i Mai Loan 
980 |a Trung tâm Học liệu Trường Đại học Cần Thơ